1809 1135 1655 1359 1172 1576 1138 1453 1491 1629 1569 1771 1889 1615 1154 1886 1803 1314 1220 1021 1366 1926 1744 1759 1190 1529 1754 1335 1809 1958 1240 1926 1863 1500 1915 1476 1118 1786 1780 1097 1933 1729 1927 1328 1013 1699 1128 1296 1865 1074 1318 1059 1952 1298 1389 1701 1022 1008 1493 1685 1623 1760 1007 1742 1854 1652 1367 1608 1556 1050 1301 1267 1180 1272 1613 1180 1340 1987 1997 1219 1546 1021 1582 1232 1535 1083 1033 1159 1628 1888 1388 1476 1007 1075 1190 1855 1166 1649 1505 BCNSPRNW ULIB Ver.6.0+V

เปลี่ยนเป็นภาษาไทย

Change to English
 แสดงรายละเอียดบรรณานุกรม
  กลับหน้าหลัก

Brief Record : Get Marc (ISO 2709) : E-mail record : QR code < ปิดหน้าต่าง
LEADER : 00000nam 2200000uu 4500
001    13399113849
003     ULIB
008    120110s||||||||th 000 0 tha d
099    วจ.WY18.2^bก674น
100 0  กิตติพร เนาว์สุวรรณ
245 00 นวัตกรรมหุ่นช่วยฝึกใส่สายให้อาหารทางสายยาง/^cกิตติพร เนาว์สุวรรณ,ปฐมามาศ โชติบัณ,จรูญรัตน์ รอดเนียม และ ธารินี นนทพุทธ
260    สงขลา :^bวิทยาลัยพยาบาลบรมราชชนนี สงขลา,^c2554
300    74 หน้า :^bตาราง
500    รายงานการวิจัย
650  7 หุ่นช่วยฝึก^xวิจัย
650  7 การใส่อาหารสายยาง^xวิจัย
650  7 นวัตกรรม^xวิจัย
700 02 ปฐมามาศ โชติบัณ
700 02 จรูญรัตน์ รอดเนียม
700 02 ธารินี นนทพุทธ
710 1  วิทยาลัยพยาบาลบรมราชชนนี สงขลา
945    ^p0^l0^i030917
995    ทศพร
999 ^a ทศพร
รายการนี้ยังไม่มีแท็ก
คุณยังไม่ได้ล็อกอิน คุณสามารถมีกิจกรรมร่วมกับเว็บไซต์ได้ แต่ต้องล็อกอินก่อน ::
  ล็อกอิน

รายการสื่อสารสนเทศ

ลำดับที่ ประเภท เลขเรียก/บาร์โค้ด สถานที่ สถานะ
1. งานวิจัย
งานวิจัย
วจ.WY18.2 ก674น ฉ.1 
  Barcode: 030917
ห้องสมุดวิทยาเขตสวรรค์ประชารักษ์
►วิจัย
บนชั้น

รายการใกล้เคียง
    ผู้แต่ง [กิตติพร เนาว์สุวรรณ]

BibComment


ยังไม่เคยถูกคอมเมนท์

คอมเมนท์ทรัพยากรรายการนี้
  คอมเมนท์: นวัตกรรมหุ่นช่วยฝ..


 Copyright 2026. Bcnsprnw @Library